000 00690nac a22002051u 4500
010 _a89032561
020 _a8120306635
082 0 0 _a670
_bL7426
090 _c1022
_d1022
100 _aLindberg, Roy A.
245 1 0 _aProcesses and materials of manufacture /
_cRoy A. Lindberg.
250 _a4th ed.
260 _aNew Delhi :
_bPrentice Hall of India,
_c2004.
300 _axiv, 864 p. :
_bill. ;
_c25 cm.
504 _aIncludes bibliographical references and index.
650 0 _aManufacturing processes.
650 0 _aMaterials.
942 _cBB
_k670L7426
999 _c1022
_d1022